1938 1210 1614 1012 1608 1341 1407 1686 1269 1810 1185 1929 1461 1627 1816 1245 1240 1830 1441 1314 1788 1968 1464 1729 1798 1680 1742 1639 1234 1900 1659 1805 1600 1753 1477 1091 1723 1460 1711 1921 1727 1492 1207 1670 1397 1493 1714 1955 1932 1356 1775 1675 1506 1684 1324 1726 1204 1518 1350 1854 1758 1803 1645 1787 1464 1986 1590 1736 1796 1313 1024 1170 1256 1640 1878 1353 1841 1107 1914 1061 1036 1617 1708 1723 1773 1624 1074 1024 1483 1938 1157 1996 1446 1482 1997 1738 1591 1661 1707 BCNSPRNW ULIB Ver.6.0+V

เปลี่ยนเป็นภาษาไทย

Change to English
 แสดงรายละเอียดบรรณานุกรม
  กลับหน้าหลัก

Brief Record : Get Marc (ISO 2709) : E-mail record : QR code < ปิดหน้าต่าง
LEADER : 00000nam 2200000uu 4500
001    13399113032
003     ULIB
008    110922s2551||||th 000 0 tha d
020    9789741676194
060 04 WB205^bว582ก
100 0  วิทยา ศรีดามา,^eบรรณาธิการ
245 00 การสัมภาษณ์ประวัติและตรวจร่างกาย /^cบรรณาธิการ, วิทยา ศรีดามา
250    พิมพ์ครั้งที่ 12
260    กรุงเทพฯ :^bโครงการตำราจุฬาอายุรศาสตร์ ภาควิชาอายุรศาสตร์คณะแพทยศาสตร์ จุฬาลงกรณ์มหาวิทยาลัย,^c2551
300    389, [15] หน้า :^bภาพประกอบ ;^c26 ซม.
440  0 โครงการตำราจุฬาอายุรศาสตร์
650  7 การตรวจร่างกาย
650  7 การซักประวัติผู้ป่วย
650  7 การวินิจฉัยโรค
710 2  จุฬาลงกรณ์มหาวิทยาลัย. ^bคณะแพทยศาสตร์.^bภาควิชาอายุรศาสตร์
945    ^p350^l0^i18617
945    ^p350^l0^i15801
945    ^p350^l0^i15492
945    ^p350^l0^i15491
945    ^p350^l0^i15800
945    ^p350^l0^i15490
995    กัณชพร
999    ^aใช้งานได้ทุกระบบ
รายการนี้ยังไม่มีแท็ก
คุณยังไม่ได้ล็อกอิน คุณสามารถมีกิจกรรมร่วมกับเว็บไซต์ได้ แต่ต้องล็อกอินก่อน ::
  ล็อกอิน

รายการสื่อสารสนเทศ

ลำดับที่ ประเภท เลขเรียก/บาร์โค้ด สถานที่ สถานะ
1. วิทยาศาสตร์การแพทย์ และสุขภาพ
วิทยาศาสตร์การแพทย์ และสุขภาพ
WB205 ว582ก ฉ.1 
  Barcode: 15490
ห้องสมุดวิทยาเขตนครสวรรค์
►ส่วนจัดเก็บหนังสือเก่า นว.
บนชั้น
  ขอยืม
2. วิทยาศาสตร์การแพทย์ และสุขภาพ
วิทยาศาสตร์การแพทย์ และสุขภาพ
WB205 ว582ก ฉ.2 
  Barcode: 15801
ห้องสมุดวิทยาเขตสวรรค์ประชารักษ์
►หนังสือทั่วไป
บนชั้น
3. วิทยาศาสตร์การแพทย์ และสุขภาพ
วิทยาศาสตร์การแพทย์ และสุขภาพ
WB205 ว582ก ฉ.3 
  Barcode: 15492
ห้องสมุดวิทยาเขตสวรรค์ประชารักษ์
►ส่วนจัดเก็บหนังสือเก่า สปร
ถูกยืม กำหนดส่งวันที่ 17 กันยายน 2568
  จอง
4. วิทยาศาสตร์การแพทย์ และสุขภาพ
วิทยาศาสตร์การแพทย์ และสุขภาพ
WB205 ว582ก ฉ.4 
  Barcode: 15491
ห้องสมุดวิทยาเขตสวรรค์ประชารักษ์
►ส่วนจัดเก็บหนังสือเก่า สปร
บนชั้น
  ขอยืม
5. วิทยาศาสตร์การแพทย์ และสุขภาพ
วิทยาศาสตร์การแพทย์ และสุขภาพ
WB205 ว582ก ฉ.5 
  Barcode: 15800
ห้องสมุดวิทยาเขตสวรรค์ประชารักษ์
►ส่วนจัดเก็บหนังสือเก่า สปร
บนชั้น
  ขอยืม

รายการใกล้เคียง
    หัวเรื่อง [การตรวจร่างกาย]
    หัวเรื่อง [การซักประวัติผู้ป่วย]
    หัวเรื่อง [การวินิจฉัยโรค]

BibComment


ยังไม่เคยถูกคอมเมนท์

คอมเมนท์ทรัพยากรรายการนี้
  คอมเมนท์: การสัมภาษณ์ประวัต..


 Copyright 2026. Bcnsprnw @Library